The financial transparency of Swiss companies

Uloženo v:
Podrobná bibliografie
Médium: Kniha
Jazyk:Undetermined
Vydáno: Geneve Pictet & Cie Banquiers 1991
Témata:
Tagy: Přidat tag
Žádné tagy, Buďte první, kdo otaguje tento záznam!
Thư viện lưu trữ: Trung tâm Học liệu Trường Đại học Cần Thơ
LEADER 00437nam a2200157Ia 4500
001 CTU_83868
008 210402s9999 xx 000 0 und d
082 |a 332 
082 |b F491 
245 4 |a The financial transparency of Swiss companies 
260 |a Geneve 
260 |b Pictet & Cie Banquiers 
260 |c 1991 
650 |a Financial econoomic 
904 |i Qhieu(sửa) 
980 |a Trung tâm Học liệu Trường Đại học Cần Thơ